| 000 | 00493nam a2200181 4500 | ||
|---|---|---|---|
| 003 | SEACOMMC | ||
| 005 | 20250506114757.0 | ||
| 008 | 250107b |||||||| |||| 00| 0 eng d | ||
| 020 |
_a 978-0-70697-939-8 _cRs.220.00 |
||
| 040 | _aSEACOMMC | ||
| 082 |
_a658.72 _bN 155 |
||
| 100 | _a Nair,N.K | ||
| 245 | 1 |
_aPurchasing and Materials Management / _cK.N. Nair |
|
| 250 | _a2nd rev.ed. | ||
| 260 |
_aNew Delhi _b Vikas Publishing House _c 1990 |
||
| 650 | _aPurchasing Management | ||
| 942 | _cBOOK | ||
| 999 |
_c976 _d976 |
||